Welcome to the Holygrace Academy Library

Please use search bar below to get started

BEGINNERS' GUIDE TO JOURNALISM (Record no. 5362)

MARC details
000 -LEADER
fixed length control field 00377nam a22001457a 4500
020 ## - INTERNATIONAL STANDARD BOOK NUMBER
ISBN 81-223-0684-5
082 ## - DEWEY DECIMAL CLASSIFICATION NUMBER
Classification number 070
Item number ROY/B
100 ## - MAIN ENTRY--AUTHOR NAME
Personal name ROY, BARUN
245 ## - TITLE STATEMENT
Title BEGINNERS' GUIDE TO JOURNALISM
260 ## - PUBLICATION, DISTRIBUTION, ETC. (IMPRINT)
Place of publication DELHI
Name of publisher PUSTAK MAHAL
Year of publication 2004
300 ## - PHYSICAL DESCRIPTION
Number of Pages 152
520 ## - SUMMARY, ETC.
Summary, etc ACQUIRE BETTER UNDERSTANDING OF COMMUNICATION PROCESS
650 ## - SUBJECT ADDED ENTRY--TOPICAL TERM
Topical Term MASS COMMUNICATION
Geographic subdivision INDIA
942 ## - ADDED ENTRY ELEMENTS (KOHA)
Koha item type Books
Holdings
Withdrawn status Lost status Collection code Home library Current library Shelving location Date acquired Source of acquisition Cost, normal purchase price Full call number Accession Number Koha item type
    Reference Main Library Main Library   24/10/2006 purchase 80.00 070 ROY/B 02099 Books